Adictos al fracaso: políticas de seguridad de Estados Unidos en América Latina y la Región Andina
I tiakina i:
| Kaituhi matua: | |
|---|---|
| Hōputu: | Pukapuka |
| Reo: | Pāniora |
| I whakaputaina: |
Santiago
LOM
2010
|
| Putanga: | 1a. ed |
| Rangatū: | Colección Ciencias Humanas
EE.UU. y Nuestra América |
| Ngā marau: | |
| Ngā Tūtohu: |
Tāpirihia he Tūtohu
Kāore He Tūtohu, Me noho koe te mea tuatahi ki te tūtohu i tēnei pūkete!
|
MARC
| LEADER | 00000nam a2200000 a 4500 | ||
|---|---|---|---|
| 001 | UCG3686 | ||
| 003 | CL-VaPUC | ||
| 008 | 100909e20100000CL |||||||||||||||||spa|d | ||
| 020 | |a 9789560001634 | ||
| 082 | 0 | 4 | |a 320 |b LOV |2 21 |
| 100 | |a Loveman, Brian |e autor |9 576386 | ||
| 245 | 1 | 0 | |a Adictos al fracaso: políticas de seguridad de Estados Unidos en América Latina y la Región Andina |
| 250 | |a 1a. ed | ||
| 300 | |a 495 p | ||
| 942 | |c BK | ||
| 945 | |d 20100909 00:00:00 |a mfarfan | ||
| 260 | |a Santiago |b LOM |c 2010 | ||
| 650 | 0 | |a Ciencias Políticas |9 255201 | |
| 650 | 7 | |a POLITICAS DE SEGURIDAD |2 CL-VaPUC |9 378392 | |
| 651 | 0 | |a Estados Unidos |9 255178 | |
| 651 | 0 | |a América Latina |9 255027 | |
| 583 | |a last modification |c 20100909 00:00:00 |k Rodrigo Vera | ||
| 490 | 0 | |a Colección Ciencias Humanas | |
| 490 | 0 | |a EE.UU. y Nuestra América | |
| 999 | |c 342732 |d 342730 | ||
| 952 | |0 0 |1 0 |4 0 |6 320_000000000000000_LOV_2010 |7 0 |8 C |9 439212 |a BIBCUR |b BIBCUR |d 2019-11-22 |i 4718062 |o 320 LOV 2010 |p 4718062 |r 2025-04-22 |w 2019-11-22 |y BK |k CAC | ||
| 952 | |0 0 |1 0 |4 0 |6 320_000000000000000_LOV_2010 |7 0 |8 A |9 439213 |a BIBHIS |b BIBHIS |d 2019-11-22 |i 4727932 |o 320 LOV 2010 |p 4727932 |r 2025-01-20 |w 2019-11-22 |y BK |k HIS | ||